00634nam a22001817a 4500003000900000008004100009040007100050082001800121100002200139245002700161260003200188300002800220505015200248650000800400650001200408650001300420700001900433AR-CdUCM190322b ||||| |||| 00| 0 spa d aMUNICIPALIDAD PROVINCIAL DEL CUSCOcBIBLIOTECA MUNICIPAL DEL CUSCO a551.46 /bC26 aCarson, Rachel L. aEl mar que nos rodea / aMéxico :bAtlante,c1952. a278 páginas ;c22 cm. aContenido : Parte primera : El mar cuna de la vida -- Parte segunda : La inquietud del mar -- Parte tercera : El hombre y el mar que lo rodea ... aMar aCiencia aOcéano aLanda, Rubén